শিক্ষা আৰু সুস্থতা /Shikhya Aru Susthota (Record no. 16424)

MARC details
000 -LEADER
fixed length control field 00588nam a22002057a 4500
008 - FIXED-LENGTH DATA ELEMENTS--GENERAL INFORMATION
fixed length control field 260423b |||||||| |||| 00| 0 eng d
020 ## - INTERNATIONAL STANDARD BOOK NUMBER
International Standard Book Number 978-93-5849-612-3
Price 350
040 ## - CATALOGING SOURCE
Original Cataloguing agency Sibsagar Commerce College Central Library
041 ## - LANGUAGE CODE
Language code of text/sound track or separate title Assamese
082 ## - DEWEY DECIMAL CLASSIFICATION NUMBER
Classification number 371.7
Book Number DEK
100 ## - MAIN ENTRY--PERSONAL NAME
Personal name DEKA, N.
Fuller form of name DR. NABANITA DEKA
245 ## - TITLE STATEMENT
Title শিক্ষা আৰু সুস্থতা /Shikhya Aru Susthota
Sub Title Educational And Well-bing
300 ## - PHYSICAL DESCRIPTION
Pages 464
Dimensions 13 x21
505 ## - FORMATED CONTENTS NOTE
Formated content notes NEP 4th semister<br/>major education
650 ## - Subject
Subject Education
700 ## - Added Entry Personal Name
Personal Name Boragohain, R.
700 ## - Added Entry Personal Name
Personal Name Bora, J.
942 ## - ADDED ENTRY ELEMENTS (KOHA)
Source of classification or shelving scheme Dewey Decimal Classification
Koha item type Books
Holdings
Withdrawn status Lost status Source of classification or shelving scheme Damaged status Not for loan Collection code Home library Current library Shelving location Date acquired Source of acquisition Cost, normal purchase price Total Checkouts Full call number Barcode Date last seen Copy number Cost, replacement price Price effective from Koha item type
    Dewey Decimal Classification     Education Sibsagar Commerce College Central Library Sibsagar Commerce College Central Library General Stacks 10/04/2026 Kitap Ghar 350.00   371.7 DEK 29437 23/04/2026 1 700.00 23/04/2026 Books
    Dewey Decimal Classification     Education Sibsagar Commerce College Central Library Sibsagar Commerce College Central Library General Stacks 10/04/2026 Kitap Ghar 350.00   371.7 DEK 29438 23/04/2026 2 700.00 23/04/2026 Books


Sibsagar Commerce College © 2020. All rights reserved.
Powered by Koha.
Hosted by LIBKART.